书目信息 |
| 题名: |
人机智能系统理论与方法
|
|
| 作者: | 陈鹰 , 杨灿军 著 | |
| 分册: | ||
| 出版信息: | 杭州 浙江大学出版社 2006.01 |
|
| 页数: | 183页 | |
| 开本: | 23cm | |
| 丛书名: | ||
| 单 册: | ||
| 中图分类: | TB18 | |
| 科图分类: | ||
| 主题词: | 人--ren--机系统--研究 | |
| 电子资源: | ||
| ISBN: | 7-308-04540-4 | |
| 000 | 01006nam0 2200253 450 | |
| 001 | 012006672325 | |
| 005 | 20060417175832.21 | |
| 010 | @a7-308-04540-4@dCNY28.00 | |
| 100 | @a20060417d2006 km y0chiy0120 ea | |
| 101 | 0 | @achi |
| 102 | @aCN@b330000 | |
| 105 | @aa z 000yy | |
| 200 | 1 | @a人机智能系统理论与方法@Aren ji zhi neng xi tong li lun yu fang fa@d= The Human-machine Intellingent System@f陈鹰, 杨灿军著@Fchen ying,yang can jun zhu@zeng |
| 210 | @a杭州@c浙江大学出版社@d2006.01 | |
| 215 | @a183页@c图@d23cm | |
| 300 | @a国家"十五"重点图书 | |
| 330 | @a本书首次系统地总结了人机一体化智能系统的理论与方法,对机器智能化理论与方法进行了深层次的探讨,对人类智能及机器智能的研究历史、现状、当前的技术水平,存在问题和一般的解决方案作了较深入的阐述。 | |
| 510 | 1 | @aHuman-machine Intellingent System@zeng |
| 606 | 0 | @a人@Aren@x机系统@x研究 |
| 690 | @aTB18@v4 | |
| 701 | 0 | @a陈鹰@Achen ying@4著 |
| 701 | 0 | @a杨灿军@Ayang can jun@4著 |
| 801 | 0 | @aCN@bQSSK@c20060417 |
| 905 | @a10447@dTB18@eC632 | |
| 人机智能系统理论与方法= The Human-machine Intellingent System/陈鹰, 杨灿军著.-杭州:浙江大学出版社,2006.01 |
| 183页:图;23cm |
| 国家"十五"重点图书 |
| ISBN 7-308-04540-4:CNY28.00 |
| 本书首次系统地总结了人机一体化智能系统的理论与方法,对机器智能化理论与方法进行了深层次的探讨,对人类智能及机器智能的研究历史、现状、当前的技术水平,存在问题和一般的解决方案作了较深入的阐述。 |
| ● |
| 相关链接 |
|
|
|
正题名:人机智能系统理论与方法
索取号:TB18/C632
 
预约/预借
| 序号 | 登录号 | 条形码 | 馆藏地/架位号 | 状态 | 备注 |
| 1 | 558313 | 205583135 | 自科库501/501自科库 4排3列3层/ [索取号:TB18/C632] | 在馆 | |
| 2 | 558314 | 205583144 | 期刊室512/501自科库 4排3列3层/ [索取号:TB18/C632] | 在馆 | |
| 3 | 558315 | 205583153 | 自科库501/501自科库 4排3列3层/ [索取号:TB18/C632] | 在馆 |